| 000 | 00467nam a22001697a 4500 | ||
|---|---|---|---|
| 003 | NUST - PNEC | ||
| 005 | 20170116181134.0 | ||
| 008 | 151007b xxu||||| |||| 00| 0 eng d | ||
| 020 | _a9780863564222 | ||
| 040 | _cLIBRARY | ||
| 082 | _a956.053 SAF | ||
| 100 |
_914155 _aSafieh, Afif |
||
| 245 |
_aThe peace process : from breakthrough to breakdown _cAtif Safieh |
||
| 260 | _ac.2010 | ||
| 650 |
_914156 _aArab-Israeli conflict--Peace _xGeneral |
||
| 942 |
_2ddc _cBK |
||
| 999 |
_c70132 _d70132 |
||